Desempleo, Inversión y Reforma de Leyes Laborales (Registro nro. 25531)

Detalles MARC
000 -LEADER
fixed length control field 00331 a2200109 4500
001 - CONTROL NUMBER
control field ART_11394
005 - DATE AND TIME OF LATEST TRANSACTION
control field 20260410161857.0
008 - FIXED-LENGTH DATA ELEMENTS--GENERAL INFORMATION
fixed length control field 260409a
100 1# - MAIN ENTRY--PERSONAL NAME
Personal name Ferro, Gustavo
245 10 - TITLE STATEMENT
Title Desempleo, Inversión y Reforma de Leyes Laborales
773 0# - HOST ITEM ENTRY
Title Revista de Economía
Related parts - Nº 77 (abr./jun. 1995)
Record control number REV11077

No hay ítems disponibles.